This or That: Pick a Quaid-Dennis, Randy, or Both? Quiz Stats

 Plays Quiz not verified by Sporcle

Challenge
Share
Tweet
Embed
Score 0/20 Timer 05:00
0 Plays Today
Film Dennis (D), Randy (R), or Both (B) % Correct
Wyatt Earp???
78.4%
Innerspace???
75.7%
Enemy Mine???
75.7%
Any Given Sunday???
75.7%
Vacation???
73%
Kingpin???
73%
Frequency???
73%
Traffic???
70.3%
Breaking Away???
67.6%
Independence Day???
67.6%
Film Dennis (D), Randy (R), or Both (B) % Correct
Brokeback Mountain???
67.6%
G.I. Joe: The Rise of Cobra???
64.9%
Far From Heaven???
64.9%
Everybody's All-American???
62.2%
Days of Thunder???
62.2%
The Last Detail???
51.4%
Midnight Express???
48.6%
The Long Riders???
45.9%
The Last Picture Show???
45.9%
Hard Rain???
43.2%

You're not logged in!

Compare scores with friends on all Sporcle quizzes.
OR
Log In

You Might Also Like...

Show Comments

Extras

Top Quizzes Today


Score Distribution

Your Account Isn't Verified!

In order to create a playlist on Sporcle, you need to verify the email address you used during registration. Go to your Sporcle Settings to finish the process.

Report this User

Report this user for behavior that violates our Community Guidelines.

Details: